000 00276nam a22001217a 4500
008 171030b xxu||||| |||| 00| 0 eng d
041 _aalb
080 _a336
100 _a56
101 _aFIN
245 _aPARAJA, BANKAT DHE TREGJET FINANCIARE
_cHADËRI,S
942 _2udc
_cBK
999 _c36312
_d36312